000 00893cab a2200289 4500
001 ABS48071
008 090401t1993 xxu||||| |||| 00| 0 eng d
035 _a(Sirsi) u64797
041 _aeng
100 _aBrymer, S.
245 _aEssential aspects of rent review
260 _c1993
350 _a0
490 _aProperty Law
_v1 February 1993, 3-4(2)
520 _aFirst part of a two part article on essential aspects of rent review, which highlights areas of concern for both landlords and tenants and a number of Scottish cases.
650 _aCOMMERCIAL LEASES
650 _aCOUNTER INFLATION ACT 1973
650 _aMARKET VALUE
650 _aPRIVACY AGREEMENTS
650 _aRENT REVIEW CLAUSES
650 _aRENT REVIEWS
650 _aSCOTLAND
650 _aTIME OF THE ESSENCE
690 _aLANDLORD AND TENANT-RENT REVIEWS
942 _n0
948 _c04/03/1997
999 _c40369
_d40369